000 00311nam a22001337a 4500
008 180309b xxu||||| |||| 00| 0 eng d
020 _a0471551929
041 _aeng
080 _a621
100 _a27
101 _aMEK
245 _aInstrumentation for Engineering Measurements
_cDally, J.W
942 _2udc
_cBK
999 _c44623
_d44623